000 00537nam a2200181Ia 4500
999 _c29521
_d29521
003 OSt
005 20201127153302.0
008 190216s9999||||xx |||||||||||||| ||und||
020 _a9788130007977
040 _coclc
082 _a920
_bAAN/B
100 _aAanayadi, Gopi
_96762
245 0 _aBaba Amte : Manavikathayude Apposthalan /
_cGopi Aanayadi
260 _bNalanda Prakashan,
_aThrissur;
_c2007.
300 _a108p
650 _aMalayalam-Malayalam Biography
942 _cBK
_2ddc
_h920
_iAAN/B
_k920
_mAAN/B